Best Players to Ever Wear a Lakers Jersey - Statistics

General Stats
  • This quiz has been taken 20 times
  • The average score is 14 of 25
Answer Stats
Hint Answer % Correct
4. Kobe Bryant
100%
1. LeBron James
100%
5. Magic Johnson
94%
3. Shaquille O'Neal
94%
12. Jerry West
89%
2. Kareem Abdul-Jabbar
89%
16. Anthony Davis
83%
7. Wilt Chamberlain
83%
8. Dwight Howard
72%
19. Luka Doncic
67%
10. Russell Westbrook
61%
20. Marc Gasol
56%
15. Pau Gasol
56%
11. Steve Nash
56%
17. Elgin Baylor
50%
6. Karl Malone
50%
25. James Worthy
44%
18. Carmelo Anthony
33%
24. George Mikan
33%
23. Rajon Rondo
33%
13. Dennis Rodman
28%
9. Gary Payton
22%
22. Adrian Dantley
17%
14. Bob McAdoo
17%
21. Mitch Richmond
0%
No matching quizzes found
Score Distribution
Percent of People with Each Score
Percentile by Number Answered
Your Score History
You have not taken this quiz